00461nam a22001697a 450000500170000000800410001704000190005804100120007708200130008910000210010224500610012326000260018430000220021050400200023265000290025285000100028120230822142902.0150108b xxu||||| |||| 00| 0 eng d aLoreto College aEnglish a915bSTA aStamp, L. Dudley aAsiabA regional and economic geographycL. Dudley Stamp aLondonbMethuenc1944 axxi, 704p.b21cm. aIncludes index. aRegional Geography- Asia aLCLIB